000 00670nam a2200193Ii 4500
003 JO-AjNU
008 230605s9999||||xx |||||||||||||| ||und||
040 _aJO-AjNU
_bara
_erda
_cJO-AjNU
041 _aara
050 1 4 _aRC360 1992
100 3 _aعبدالله ، معتز سيد,
_eauthor
_924713
245 0 0 _aالامراض النفسية والعصبية المشكلات والحلول
264 3 1 _aالقاهرة:دار المعارف ، 1992
300 _a290ص
336 _atext
_btxt
_2rdacontent
337 _aunmediated
_bn
_2rdamedia
338 _avolume
_bnc
_2rdacarrier
650 4 _aالامراض النفسية-المشاكل والحلول
_924714
999 _aA9146
_c12714
_d12714